[Event "Bouches du Rhone-ch 0203"]
[Site "Provence"]
[Date "2003.03.08"]
[Round "8"]
[White "Mamert, Robert"]
[Black "Gouiran, Serge"]
[Result "1-0"]
[WhiteElo "1740"]
[BlackElo "1620"]
[PlyCount "59"]
[EventDate "2002.10.??"]
[EventType "swiss"]
[EventRounds "9"]
[EventCountry "FRA"]
[SourceTitle "EXT 2005"]
[Source "ChessBase"]
[SourceDate "2004.11.15"]
[SourceVersion "1"]
[SourceVersionDate "2004.11.15"]
[SourceQuality "1"]

1. d4 Nf6 2. c4 g6 3. Nf3 Bg7 4. g3 0-0 5. Bg2 d6 6. 0-0 c5 7. Nc3 Nc6 8. d5 Nb8 9. Qc2 Bd7 10. b3 a6 11. Bb2 b5 12. Nd2 b4 13. Nce4 Nxe4 14. Nxe4 Qc8 15. Bxg7 Kxg7 16. Qb2+ Kg8 17. a3 bxa3 18. Rxa3 Bh3 19. Bxh3 Qxh3 20. b4 cxb4 21. Qxb4 Nd7 22. Qb7 Ne5 23. Qxe7 Ng4 24. Nf6+ Kg7 25. Nxg4 Qxg4 26. Qxd6 Qxc4 27. e3 Rfd8 28. Qc6 Qxd5 29. Rxa6 Qe5 30. Rxa8 1-0

[Event "Provence-ch access Meyreuil 9596"]
[Site "France"]
[Date "1995.??.??"]
[Round "5"]
[White "Metras, Dominique"]
[Black "Mamert, Robert"]
[Result "1-0"]
[WhiteElo "1870"]
[BlackElo "1660"]
[PlyCount "71"]
[EventDate "1995.??.??"]
[EventType "tourn"]
[EventRounds "9"]
[EventCountry "FRA"]
[SourceTitle "EXT 2005"]
[Source "ChessBase"]
[SourceDate "2004.11.15"]
[SourceVersion "1"]
[SourceVersionDate "2004.11.15"]
[SourceQuality "1"]

1. c4 Nf6 2. Nf3 g6 3. Nc3 Bg7 4. g3 0-0 5. Bg2 d6 6. d4 Nc6 7. 0-0 a6 8. a3 h6 9. b4 e5 10. d5 Ne7 11. e4 b6 12. h3 Nd7 13. Ne1 f5 14. Nd3 f4 15. g4 g5 16. f3 Ng6 17. Rf2 Nh4 18. Bf1 Nf6 19. Rb2 Rf7 20. Bd2 Bf8 21. a4 Bd7 22. a5 h5 23. axb6 cxb6 24. c5 dxc5 25. bxc5 bxc5 26. Nxe5 Rh7 27. Rxa6 Rxa6 28. Bxa6 hxg4 29. hxg4 Bd6 30. Nc4 Nxf3+ 31. Qxf3 Bxg4 32. Qd3 f3 33. e5 f2+ 34. Kxf2 Nd7 35. Qg6+ Kh8 36. Qxd6 1-0